Gemeinden im Kanton St.Gallen - Statistiken

Allgemein
  • Dieses Quiz wurde 167 mal gespielt
  • Das Durchschnittsergebnis liegt bei 33 aus 77
Antwortstatistiken
Bezirk Gemeinde % Korrekt
Wil Wil (SG)
93%
St.Gallen St.Gallen
86%
Rheintal Au (SG)
85%
Sarganserland Sargans
82%
Rorschach Rorschach
79%
Rorschach Berg (SG)
67%
Wil Uzwil
67%
Werdenberg Buchs (SG)
66%
St.Gallen Gossau (SG)
66%
See-Gaster Rapperswil-Jona
64%
Toggenburg Wattwil
63%
Rheintal Altstätten
58%
Wil Flawil
56%
Sarganserland Mels
52%
Sarganserland Flums
51%
Toggenburg Wildhaus-Alt St.Johann
51%
Rheintal St.Margrethen
49%
Sarganserland Bad Ragaz
48%
Rorschach Goldach
48%
Rheintal Oberriet (SG)
48%
See-Gaster Uznach
48%
St.Gallen Wittenbach
48%
Rheintal Rheineck
47%
Sarganserland Walenstadt
47%
Rheintal Diepoldsau
45%
Werdenberg Grabs
44%
Toggenburg Nesslau
42%
Rorschach Rorschacherberg
42%
Rheintal Widnau
42%
Toggenburg Ebnat-Kappel
41%
Werdenberg Gams
41%
Rheintal Rebstein
41%
See-Gaster Schmerikon
41%
Werdenberg Sevelen
41%
Rorschach Steinach
41%
See-Gaster Weesen
41%
Rheintal Balgach
40%
Rorschach Mörschwil
40%
Sarganserland Quarten
40%
Wil Zuzwil (SG)
40%
Toggenburg Bütschwil-Ganterschwil
38%
Wil Oberuzwil
38%
Rheintal Rüthi
38%
Rheintal Berneck
37%
St.Gallen Gaiserwald
37%
Sarganserland Vilters-Wangs
37%
St.Gallen Andwil (SG)
36%
See-Gaster Benken (SG)
36%
Wil Degersheim
36%
Rheintal Marbach (SG)
36%
Werdenberg Sennwald
36%
Rorschach Thal
36%
See-Gaster Amden
34%
Wil Jonschwil
34%
Toggenburg Kirchberg (SG)
34%
Toggenburg Lichtensteig
34%
Wil Oberbüren
34%
See-Gaster Schänis
34%
See-Gaster Kaltbrunn
33%
St.Gallen Waldkirch
33%
Rheintal Eichberg
32%
Toggenburg Lütisburg
32%
Toggenburg Neckertal
32%
Wil Niederbüren
32%
Sarganserland Pfäfers
32%
Werdenberg Wartau
32%
St.Gallen Eggersriet
30%
See-Gaster Eschenbach (SG)
30%
Toggenburg Mosnang
30%
Wil Niederhelfenschwil
30%
Rorschach Untereggen
29%
See-Gaster Gommiswald
27%
Toggenburg Oberhelfenschwil
23%
Rorschach Tübach
23%
St.Gallen Muolen
22%
St.Gallen Häggenschwil
21%
Toggenburg Hemberg
21%
Keine übereinstimmenden Quizze gefunden
Verteilung der Resultate
Anzahl Personen mit jedem Resultat
Perzentil nach korrekt beantworteten Fragen
Ihre Resultats-Entwicklung
Sie haben dieses Quiz noch nicht gespielt